Gminy województwa zachodniopomorskiego na mapie - Statystyki

Ogólne statystyki
  • Ten quiz został rozwiązany 1 489 razy
    943 od ostatniego zresetowania
  • Średni wynik to 59 z 113
Odpowiedzi na mapie
Odpowiedzi zakodowano w zielono-czerwonej skali na mapie do tego quizu, zgodnie z poniższymi procentami.
 
Statystyki odpowiedzi
Powiat Typ gminy Gmina % Poprawnych
miasta na prawach powiatu miejska m. Szczecin
95%
miasta na prawach powiatu miejska m. Świnoujście
94%
miasta na prawach powiatu miejska m. Koszalin
93%
kołobrzeski miejska | wiejska Kołobrzeg
91%
stargardzki miejska | wiejska Stargard
84%
gryficki miejsko-wiejska Gryfice
83%
policki miejsko-wiejska Police
83%
gryfiński miejsko-wiejska Gryfino
82%
szczecinecki miejska | wiejska Szczecinek
82%
sławieński miejska | wiejska Sławno
81%
białogardzki miejska | wiejska Białogard
80%
goleniowski miejsko-wiejska Goleniów
79%
kamieński miejsko-wiejska Kamień Pomorski
79%
kamieński miejsko-wiejska Międzyzdroje
79%
sławieński miejska | wiejska Darłowo
78%
wałecki miejska | wiejska Wałcz
77%
drawski miejsko-wiejska Drawsko Pomorskie
76%
myśliborski miejsko-wiejska Myślibórz
76%
choszczeński miejsko-wiejska Choszczno
74%
koszaliński miejsko-wiejska Mielno
73%
pyrzycki miejsko-wiejska Pyrzyce
73%
świdwiński miejska | wiejska Świdwin
73%
kamieński miejsko-wiejska Wolin
73%
łobeski miejsko-wiejska Łobez
69%
kamieński miejsko-wiejska Dziwnów
68%
goleniowski miejsko-wiejska Nowogard
68%
drawski miejsko-wiejska Czaplinek
67%
gryficki miejsko-wiejska Trzebiatów
67%
policki miejsko-wiejska Nowe Warpno
65%
gryfiński miejsko-wiejska Cedynia
64%
drawski miejsko-wiejska Złocieniec
62%
myśliborski miejsko-wiejska Barlinek
61%
łobeski miejsko-wiejska Dobra
61%
policki wiejska Dobra (Szczecińska)
61%
gryficki wiejska Rewal
60%
gryfiński miejsko-wiejska Chojna
59%
koszaliński miejsko-wiejska Bobolice
58%
szczecinecki miejsko-wiejska Borne Sulinowo
58%
policki wiejska Kołbaskowo
58%
drawski miejsko-wiejska Kalisz Pomorski
57%
świdwiński miejsko-wiejska Połczyn-Zdrój
57%
gryficki miejsko-wiejska Płoty
55%
myśliborski miejsko-wiejska Dębno
54%
białogardzki miejsko-wiejska Karlino
54%
choszczeński miejsko-wiejska Recz
54%
koszaliński miejsko-wiejska Sianów
53%
choszczeński miejsko-wiejska Drawno
52%
stargardzki miejsko-wiejska Ińsko
52%
szczecinecki miejsko-wiejska Biały Bór
51%
gryfiński miejsko-wiejska Trzcińsko-Zdrój
51%
stargardzki miejsko-wiejska Chociwel
50%
łobeski miejsko-wiejska Resko
50%
kołobrzeski wiejska Ustronie Morskie
50%
gryfiński miejsko-wiejska Mieszkowice
49%
wałecki miejsko-wiejska Mirosławiec
48%
koszaliński miejsko-wiejska Polanów
48%
goleniowski miejsko-wiejska Stepnica
48%
białogardzki miejsko-wiejska Tychowo
48%
gryfiński miejsko-wiejska Moryń
47%
goleniowski miejsko-wiejska Maszewo
46%
choszczeński miejsko-wiejska Pełczyce
46%
wałecki miejsko-wiejska Człopa
45%
pyrzycki miejsko-wiejska Lipiany
45%
stargardzki miejsko-wiejska Suchań
45%
wałecki miejsko-wiejska Tuczno
45%
gryfiński wiejska Banie
43%
szczecinecki miejsko-wiejska Barwice
43%
stargardzki miejsko-wiejska Dobrzany
43%
kamieński miejsko-wiejska Golczewo
43%
łobeski miejsko-wiejska Węgorzyno
42%
kołobrzeski miejsko-wiejska Gościno
41%
sławieński wiejska Postomino
40%
gryfiński wiejska Widuchowa
36%
koszaliński wiejska Będzino
33%
koszaliński wiejska Manowo
32%
szczecinecki wiejska Grzmiąca
30%
sławieński wiejska Malechowo
30%
goleniowski wiejska Osina
30%
gryfiński wiejska Stare Czarnowo
30%
myśliborski wiejska Boleszkowice
28%
stargardzki wiejska Kobylanka
28%
stargardzki wiejska Marianowo
26%
choszczeński wiejska Bierzwnik
25%
koszaliński wiejska Biesiekierz
25%
goleniowski wiejska Przybiernów
25%
stargardzki wiejska Dolice
24%
świdwiński wiejska Rąbino
24%
kołobrzeski wiejska Rymań
24%
gryficki wiejska Brojce
23%
gryficki wiejska Karnice
23%
myśliborski wiejska Nowogródek Pomorski
23%
pyrzycki wiejska Przelewice
22%
drawski wiejska Wierzchowo
21%
pyrzycki wiejska Bielice
20%
świdwiński wiejska Sławoborze
20%
stargardzki wiejska Stara Dąbrowa
19%
kamieński wiejska Świerzno
19%
koszaliński wiejska Świeszyno
19%
kołobrzeski wiejska Dygowo
18%
choszczeński wiejska Krzęcin
18%
pyrzycki wiejska Warnice
18%
pyrzycki wiejska Kozielice
17%
łobeski wiejska Radowo Małe
17%
kołobrzeski wiejska Siemyśl
17%
świdwiński wiejska Brzeżno
12%
Nie znaleziono quizów pasujących do podanych kryteriów
Rozkład punktacji
Procent ludzi z każdym wynikiem
Percentyl według liczby udzielonych odpowiedzi
Twoja historia wyników
Nie rozwiązałeś tego quizu od ostatniego zresetowania